Practica universal forense de los tribunales de esta corte, reales chancillerías de Valladolid, y Granada, y audiencia de Sevilla, su origen, jurisprudencia, y negocios de que conoce cada uno, con inhibición de los demás, con la fórmula de quantos Libelos abrazan todos los juicios, assi seculares, como eclesiásticos, seguidos en los tribunales inferiores, y superiores, con la diversidad de estilos, que padecen en el libelar, y exposición compendiosa de la materia, que abraza cada recurso (Record no. 8566)

MARC details
000 -CABECERA
campo de control de longitud fija 01555nam a2200229 a 4500
001 - NÚMERO DE CONTROL
campo de control BRCA_8915
005 - FECHA Y HORA DE LA ÚLTIMA TRANSACCIÓN
campo de control 20190320210446.0
008 - DATOS DE LONGITUD FIJA--INFORMACIÓN GENERAL
campo de control de longitud fija 220617s1764----sp-#######---#000-0#spa-#
041 ## - CÓDIGO DE LENGUA
Código de lengua del texto/banda sonora o título independiente spa
044 ## - CÓDIGO DEL PAÍS DE LA ENTIDAD EDITORA/PRODUCTORA
Código MARC del país sp
084 ## - OTRO NÚMERO DE CLASIFICACIÓN
Número de clasificación CO85
Número de documento/Ítem .E45 1764
100 1# - ENTRADA PRINCIPAL--NOMBRE DE PERSONA
Nombre de persona Elizondo, Francisco Antonio
9 (RLIN) 22171
245 10 - MENCIÓN DE TÍTULO
Título Practica universal forense de los tribunales de esta corte, reales chancillerías de Valladolid, y Granada, y audiencia de Sevilla, su origen, jurisprudencia, y negocios de que conoce cada uno, con inhibición de los demás, con la fórmula de quantos Libelos abrazan todos los juicios, assi seculares, como eclesiásticos, seguidos en los tribunales inferiores, y superiores, con la diversidad de estilos, que padecen en el libelar, y exposición compendiosa de la materia, que abraza cada recurso
Resto del título obra utilissima para los señores ministros de todos los tribunales de esta corte, y fuera ella, jueces, assi seculares, como eclesiásticos, abogados, escribanos, procuradores, agentes, litigantes, y todas personas literatas
Mención de responsabilidad, etc. su autor el Licenciado Don Francisco Antonio Elizondo; Dedicala al ilutrissimo señor Don Pedro Colon…
260 ## - PUBLICACIÓN, DISTRIBUCIÓN, ETC.
Lugar de publicación, distribución, etc. Madrid
Nombre del editor, distribuidor, etc. Por Joachin Ibarra, calle de las Urosas
Fecha de publicación, distribución, etc. 1764
300 ## - DESCRIPCIÓN FÍSICA
Extensión [10], 392 p.
Dimensiones 20 x 16 cm
500 ## - NOTA GENERAL
Nota general Con privilegio
500 ## - NOTA GENERAL
Nota general Estafo físico: presenta encuadernación en pergamino con cintas rotas, lomo desprendido y presencia de pez de plata
650 14 - PUNTO DE ACCESO ADICIONAL DE MATERIA--TÉRMINO DE MATERIA
Término de materia o nombre geográfico como elemento de entrada Derecho procesal
Subdivisión cronológica Obras anteriores a 1800
Subdivisión geográfica España
9 (RLIN) 22172
700 1# - PUNTO DE ACCESO ADICIONAL--NOMBRE DE PERSONA
Nombre de persona Colon, Pedro
9 (RLIN) 22173
902 ## - CATALOGADOR
Iniciales CFM
942 ## - ELEMENTOS DE PUNTO DE ACCESO ADICIONAL (KOHA)
Fuente del sistema de clasificación o colocación Library of Congress Classification
Tipo de ítem Koha Libros
Holdings
Estado de retiro Estado de pérdida Estado dañado No para préstamo Localización permanente Ubicación/localización actual Fecha de adquisición Total de préstamos Signatura topográfica completa Código de barras Fecha visto por última vez Precio válido a partir de Tipo de ítem Koha
El ejemplar forma parte de la colección y puede ser consultado según las políticas vigentes.       Biblioteca del Museo Franz Mayer (Rogerio Casas-Alatriste) Biblioteca del Museo Franz Mayer (Rogerio Casas-Alatriste) 22/06/2017   CO85 .E45 1764 CFM00237 22/03/2019 22/03/2019 Libros